| 000 | 00922cam a2200289 a 4500 | ||
|---|---|---|---|
| 001 | 14539399 | ||
| 003 | OSt | ||
| 005 | 20230607101742.0 | ||
| 008 | 060908s2005 ke 000 0 eng | ||
| 010 | _a 2006315626 | ||
| 040 |
_aDLC _cDLC _dDLC |
||
| 042 | _alcode | ||
| 043 | _af-ke--- | ||
| 050 | 0 | 0 |
_aJQ2947.A56 _bC6536 2006 |
| 082 |
_a364.132 _bKIF |
||
| 110 | 2 | _aNational Anti-Corruption Plan (Kenya) | |
| 245 | 1 | 0 |
_aNational Anti-Corruption Plan : _bKenyans arise! fight corruption now. |
| 246 | 1 | 7 | _aKenyans arise! fight corruption now |
| 260 |
_aNairobi, Kenya : _bNACP Secretariat, _c[2005 or 2006] |
||
| 300 |
_aix, 116 p. ; _c30 cm. |
||
| 500 | _aCover title. | ||
| 650 | 0 |
_aCorruption _zKenya _xPrevention. |
|
| 856 | 4 | 1 |
_3Table of contents only _uhttp://www.loc.gov/catdir/toc/fy0712/2006315626.html |
| 906 |
_a7 _bcbc _corigode _d3 _encip _f20 _gy-gencatlg |
||
| 942 |
_2ddc _cBK |
||
| 999 |
_c798 _d798 |
||